| 000 | nam a22 4500 | ||
|---|---|---|---|
| 999 |
_c87709 _d87498 |
||
| 005 | 20230919151650.0 | ||
| 008 | 230919b xxu||||| |||| 00| 0 eng d0 | ||
| 020 | _a\a 0801832594 | ||
| 040 |
_a\a NG-ZaABU _c\c NG-ZaABU _d/d NG-ZaABU |
||
| 050 |
_a\a HD 9579.C33 Cor _b\b 513411 |
||
| 100 |
_97435 _aa Cortes, Mariluz |
||
| 245 |
_a\a North-South Technology Transfer: _b\b A Case Study of Petrochemicals in Latin America _c\c by Mariluz Cortes, Peter Bocock _h\h [Text] |
||
| 260 |
_a\a Baltimore and London: _b\b Published for the World Bank, The Johns Hopkins University Press, _c\c 1984. |
||
| 300 |
_a\a viii,176p.: _b\b ill. |
||
| 500 | _a\a Includes index | ||
| 504 | _a\a Includes bibliography | ||
| 852 |
_a\a K.I.L. _c\c Book Reserve Unit _p\p 513411 |
||
| 942 |
_2lcc _cBK _h\h 9579.C33 _k\k HD _m\m Cor |
||